01765cam a22003854i 4500001000700000003000900007005001700016008004100033020001500074035002700089040003300116082002000149110003200169245011600201264004900317300006600366336002100432337002500453338002300478490004700501505068300548526000901231526000901240526000901249526000901258526000901267526000901276526000801285526000801293526000801301526000801309526000801317526000801325651004601333u36611PE-LiUPU20250731184554.0150625s2005 pe a r 000 0 spa d a9972205630 a(Sirsi) i9789972205637 aPE-LiUPUbspacPE-LiUPUerda04a985.05bB242212 aEl Comercio Empresa Editora10aJorge Basadre Grohmann :bhistoria de la república del Perú [1822-1933].n1 /cEl Comercio Empresa Editora. 1aLima :bEl Comercio, Empresa Editora,c2005. a301 páginas :bil fotos, mapas ,colores ;c29 centímetros atext2rdacontent aunmediated2rdamedia avolume2rdacarrier0 aHistoria de la República del Perú ;vI0 aEl choque entre el mundo de las ideas imperantes en el congeso constituyente y el mundo de los hechos (1822-25). -El incremento del ciego espíritu de facción en los peruanos frente al adversario común hasta noviembre de 1823. -La salvadora participación de Bolivar la utópica carta política de (1823 y la victoria militar (1823-1824) El aporte peruano a la victoria. -EL Aspecto `peruano del congreso de Panamá. -La fundación de Bolivia y su relación con el Perú. El nacimiento del problema de Arica. -La maduración de la tendencia centrífuga peruana hacia el norte,como estímulo para el proyecto vitalicio. -El facil colapso del régimen vitalicio. aP136 aP135 aP134 aP133 aP144 aP143 aP87 aP35 aP20 aP14 aP10 aP06 aPerúxHistoriayRepublicana, 1822-1932.